[Event "GER-chT U14"]
[Site "Magdeburg"]
[Date "2019.12.28"]
[Round "3.6"]
[White "Hoegner, Tom"]
[Black "Toth, Marc"]
[Result "0-1"]
[WhiteElo "1768"]
[BlackElo "1564"]
[PlyCount "96"]
[EventDate "2019.12.27"]
[EventType "team-swiss"]
[EventRounds "7"]
[EventCountry "GER"]
[SourceTitle "CBM 194 Extra"]
[Source "ChessBase"]
[SourceDate "2020.03.31"]
[SourceVersion "1"]
[SourceVersionDate "2020.03.31"]
[SourceQuality "1"]
[WhiteTeam "Erlangen"]
[BlackTeam "Untergrombach"]
[WhiteTeamCountry "GER"]
[BlackTeamCountry "GER"]

1. e4 c6 2. d4 d5 3. e5 Bf5 4. Nf3 e6 5. c4 Bb4+ 6. Bd2 Bxd2+ 7. Qxd2 Ne7 8. Nc3 Nd7 9. Rc1 0-0 10. b3 dxc4 11. bxc4 Nb6 12. Bd3 Bg4 13. Ng5 h6 14. h3 Bh5 15. Nh7 Re8 16. Nf6+ gxf6 17. Qxh6 Bg6 18. exf6 Nf5 19. Qg5 Qxd4 20. Be2 Qh4 21. Qxh4 Nxh4 22. g3 Nf5 23. h4 Nd4 24. h5 Bh7 25. g4 Nxe2 26. Nxe2 Be4 27. Rh4 Nd7 28. g5 Nc5 29. Rc3 Rad8 30. Nf4 Nd3+ 31. Ke2 Nxf4+ 32. Rxf4 Bf5 33. Rg3 Rf8 34. Ra3 a6 35. Rb3 Rd7 36. c5 Rfd8 37. Rfb4 Rb8 38. Rb6 Bg4+ 39. f3 Bxh5 40. Rxc6 Rbd8 41. Rcb6 Rd2+ 42. Ke3 Rc2 43. Rxb7 Rxc5 44. f4 Rc2 45. Ke4 Re2+ 46. Re3 Rxa2 47. f5 Ra4+ 48. Ke5 Rd5# 0-1

[Event "Landesliga Nord U20 1819"]
[Site "Bayern"]
[Date "2019.01.26"]
[Round "5.2"]
[White "Hoegner, Tom"]
[Black "Schindler, Tobias"]
[Result "0-1"]
[WhiteElo "1621"]
[BlackElo "1992"]
[PlyCount "64"]
[EventDate "2018.11.17"]
[EventType "team-tourn"]
[EventRounds "7"]
[EventCountry "GER"]
[SourceTitle "EXT 2022"]
[Source "ChessBase"]
[SourceDate "2021.10.06"]
[SourceVersion "1"]
[SourceVersionDate "2021.10.06"]
[SourceQuality "1"]
[WhiteTeam "Erlangen SC U20"]
[BlackTeam "Kelheim SK U20"]
[WhiteTeamCountry "GER"]
[BlackTeamCountry "GER"]

1. e4 c5 2. Nf3 d6 3. d4 cxd4 4. Nxd4 Nf6 5. Nc3 Nc6 6. Be3 Ng4 7. Nxc6 bxc6 8. Bf4 Qb6 9. Qd2 Qxb2 10. Rb1 Qa3 11. h3 Nf6 12. e5 dxe5 13. Bxe5 Qa5 14. Bxf6 exf6 15. Bc4 Be7 16. 0-0 0-0 17. Qe3 Bc5 18. Qf3 Ba6 19. Bxa6 Qxa6 20. Rfe1 Rfe8 21. Qg3 Qc4 22. Red1 Bb6 23. a3 Rad8 24. Rf1 Ba5 25. Rb3 g6 26. Rfb1 Kg7 27. Rf1 Rd2 28. Rc1 Re7 29. Qf3 Rxc2 30. Rxc2 Re1+ 31. Kh2 Qxb3 32. Ne4 Bc7+ 0-1

[Event "Nuremberg Zabo op 20th"]
[Site "Nuremberg"]
[Date "2018.09.19"]
[Round "5"]
[White "Hoegner, Tom"]
[Black "Hollmann, Thomas"]
[Result "1-0"]
[WhiteElo "1614"]
[BlackElo "1450"]
[PlyCount "110"]
[EventDate "2018.09.15"]
[EventType "swiss"]
[EventRounds "5"]
[EventCountry "GER"]
[SourceTitle "EXT 2020"]
[Source "ChessBase"]
[SourceDate "2019.10.17"]
[SourceVersion "1"]
[SourceVersionDate "2019.10.17"]
[SourceQuality "1"]

1. e4 e6 2. Nf3 d5 3. exd5 exd5 4. d4 Bd6 5. Nc3 Ne7 6. Be2 Nbc6 7. Be3 a6 8. 0-0 0-0 9. Bd3 h6 10. Ne2 Bf5 11. c3 Qd7 12. Bf4 Rfe8 13. Bxf5 Nxf5 14. Bxd6 Nxd6 15. Nf4 Qf5 16. Nd3 Re7 17. Re1 Rae8 18. Rxe7 Rxe7 19. Nde1 g5 20. Nc2 g4 21. Nd2 Ne4 22. Nxe4 Qxe4 23. Ne3 f5 24. Qb3 f4 25. Qxd5+ Kf8 26. Qxe4 Rxe4 27. Nd5 Re2 28. Rb1 Na5 29. Nxf4 Rc2 30. Nd5 Kf7 31. Nxc7 Nc4 32. Nd5 Nxb2 33. Ne3 Rd2 34. Nxg4 Kg7 35. Ne3 b5 36. Rc1 Na4 37. Rc2 Rxc2 38. Nxc2 Nxc3 39. a3 Kf6 40. Kf1 Ke6 41. Ke1 Kd5 42. Kd2 Kc4 43. g4 a5 44. f4 b4 45. axb4 axb4 46. Nxb4 Kxb4 47. Kd3 Nd5 48. Ke4 Kc4 49. h4 Nf6+ 50. Kf5 Ng8 51. Kg6 Kxd4 52. Kf7 Ke4 53. f5 Kf4 54. Kxg8 h5 55. gxh5 Kxf5 1-0

[Event "GER-chT U12"]
[Site "Magdeburg"]
[Date "2016.12.28"]
[Round "3.2"]
[White "Hoegner, Tom"]
[Black "Parshykov, Edgar"]
[Result "0-1"]
[WhiteElo "1550"]
[BlackElo "1631"]
[PlyCount "82"]
[EventDate "2016.12.27"]
[EventType "team-swiss"]
[EventRounds "7"]
[EventCountry "GER"]
[SourceTitle "EXT 2018"]
[Source "ChessBase"]
[SourceDate "2017.10.13"]
[SourceVersion "1"]
[SourceVersionDate "2017.10.13"]
[SourceQuality "1"]
[WhiteTeam "Erlangen"]
[BlackTeam "Porz SG"]
[WhiteTeamCountry "GER"]
[BlackTeamCountry "GER"]

1. e4 c6 2. d4 d5 3. exd5 cxd5 4. Nc3 Nf6 5. Bf4 a6 6. Nf3 Bg4 7. Be2 Nc6 8. h3 Bh5 9. 0-0 e6 10. Qd2 Bd6 11. Bxd6 Qxd6 12. Rfe1 0-0 13. Rad1 Rac8 14. a3 Qc7 15. Qe3 Na5 16. Rc1 Bxf3 17. Qxf3 Nc4 18. Bxc4 Qxc4 19. Red1 Rc7 20. Ne2 Qb5 21. b4 Rfc8 22. c3 Ne4 23. Rd3 Qa4 24. Ra1 Qb3 25. Rc1 Qxa3 26. Qe3 Qa4 27. f3 Nd6 28. Qg5 Qb5 29. Nf4 h6 30. Qe5 Nc4 31. Qe2 Qd7 32. Qf2 Qe7 33. Re1 Qf6 34. Nh5 Qg5 35. Ng3 Qf4 36. Ne2 Qf5 37. Rdd1 Nb2 38. Ng3 Nxd1 39. Nxf5 Nxf2 40. Nd6 Rd8 41. Nxf7 Nxh3+ 0-1

[Event "GER-chT U10"]
[Site "Magdeburg"]
[Date "2015.12.29"]
[Round "6.2"]
[White "Hoegner, Tom"]
[Black "Kogan, Gabriel"]
[Result "1-0"]
[WhiteElo "1258"]
[BlackElo "1132"]
[PlyCount "85"]
[EventDate "2015.12.27"]
[EventType "team-swiss"]
[EventRounds "7"]
[EventCountry "GER"]
[SourceTitle "EXT 2017"]
[Source "ChessBase"]
[SourceDate "2016.10.25"]
[SourceVersion "1"]
[SourceVersionDate "2016.10.25"]
[SourceQuality "1"]
[WhiteTeam "Erlangen"]
[BlackTeam "Porz SG"]
[WhiteTeamCountry "GER"]
[BlackTeamCountry "GER"]

1. e4 e5 2. Nf3 Nc6 3. d4 exd4 4. Nxd4 Bc5 5. Be3 Bxd4 6. Bxd4 Nxd4 7. Qxd4 Nf6 8. e5 Qe7 9. Be2 Ng8 10. 0-0 d6 11. exd6 Qxd6 12. Qxg7 Qf6 13. Bb5+ c6 14. Re1+ Be6 15. Qxf6 Nxf6 16. Bc4 Kd7 17. Bxe6+ fxe6 18. Nc3 Rhg8 19. Ne4 Nxe4 20. Rxe4 Rg6 21. Rd1+ Kc7 22. Red4 Rag8 23. Rd7+ Kb6 24. g3 h5 25. Rh7 Rg5 26. Re1 Rb5 27. b3 Rg6 28. Re7 Rd5 29. Re2 h4 30. c4 Rd6 31. Kf1 Rd1+ 32. Kg2 Rd6 33. Rc2 Rd8 34. c5+ Ka6 35. a4 Rh8 36. b4 h3+ 37. Kf1 Rf8 38. b5+ cxb5 39. axb5+ Kxb5 40. Rxb7+ Kc6 41. Rxa7 Rgf6 42. Ra6+ Kb5 43. Rb6+ 1-0

[Event "GER-chT U10"]
[Site "Magdeburg"]
[Date "2015.12.28"]
[Round "3.2"]
[White "Huo, Da"]
[Black "Hoegner, Tom"]
[Result "1-0"]
[WhiteElo "1320"]
[BlackElo "1258"]
[PlyCount "115"]
[EventDate "2015.12.27"]
[EventType "team-swiss"]
[EventRounds "7"]
[EventCountry "GER"]
[SourceTitle "EXT 2017"]
[Source "ChessBase"]
[SourceDate "2016.10.25"]
[SourceVersion "1"]
[SourceVersionDate "2016.10.25"]
[SourceQuality "1"]
[WhiteTeam "Hamburger SK"]
[BlackTeam "Erlangen"]
[WhiteTeamCountry "GER"]
[BlackTeamCountry "GER"]

1. e4 e5 2. Nf3 Nc6 3. Bc4 Nf6 4. d3 d5 5. exd5 Nxd5 6. Nc3 Bb4 7. Bd2 Bxc3 8. Bxc3 Nxc3 9. bxc3 0-0 10. 0-0 Re8 11. Re1 Qd6 12. Ng5 Nd8 13. Qh5 Qg6 14. Qxg6 hxg6 15. f4 Ne6 16. Nxe6 Bxe6 17. Bxe6 Rxe6 18. Rxe5 Rae8 19. Rae1 Kf8 20. Kf2 Ke7 21. Kf3 Kd6 22. Rxe6+ Rxe6 23. Rxe6+ Kxe6 24. Ke4 c5 25. c4 b6 26. h3 f5+ 27. Kf3 Kf6 28. h4 Ke6 29. c3 a6 30. a4 Kd7 31. d4 Kc6 32. g4 b5 33. cxb5+ axb5 34. axb5+ Kxb5 35. dxc5 Kxc5 36. gxf5 gxf5 37. h5 Kc4 38. Kg3 Kxc3 39. Kh4 Kd4 40. Kg5 Ke4 41. Kg6 Kxf4 42. Kxg7 Kg3 43. h6 f4 44. h7 f3 45. h8Q f2 46. Qb8+ Kg2 47. Qb7+ Kg1 48. Qb6 Kg2 49. Qg6+ Kf3 50. Qf5+ Ke2 51. Qe4+ Kf1 52. Kg6 Kg1 53. Qg4+ Kh1 54. Qd1+ Kg2 55. Qe2 Kh1 56. Qf1+ Kh2 57. Qxf2+ Kh1 58. Qe2 1-0

[Event "GER-chT U10"]
[Site "Magdeburg"]
[Date "2014.12.29"]
[Round "6.1"]
[White "Hoegner, Tom"]
[Black "Block, Timo"]
[Result "1-0"]
[WhiteElo "1072"]
[BlackElo "1065"]
[PlyCount "97"]
[EventDate "2014.12.27"]
[EventType "team-swiss"]
[EventRounds "7"]
[EventCountry "GER"]
[SourceTitle "EXT 2016"]
[Source "ChessBase"]
[SourceDate "2015.10.08"]
[SourceVersion "1"]
[SourceVersionDate "2015.10.08"]
[SourceQuality "1"]
[WhiteTeam "Erlangen"]
[BlackTeam "Bremen Ost"]
[WhiteTeamCountry "GER"]
[BlackTeamCountry "GER"]

1. e4 e6 2. d4 d5 3. exd5 exd5 4. Nc3 Nf6 5. Nf3 Be7 6. Bf4 0-0 7. Nb5 a6 8. Nc3 Bg4 9. Be2 Re8 10. h3 Bh5 11. g4 Bg6 12. Qd2 Nc6 13. 0-0-0 Be4 14. g5 Bxf3 15. Bxf3 Nd7 16. h4 b5 17. Bxd5 b4 18. Bxc6 bxc3 19. Qxc3 Rb8 20. Be4 Bb4 21. Qc6 Rb6 22. Qxc7 Qxc7 23. Bxc7 Rbe6 24. Bf5 R6e7 25. Bxd7 Rxd7 26. Be5 Re6 27. h5 f6 28. gxf6 gxf6 29. Rdg1+ Kf7 30. Bf4 Bd6 31. Bxd6 Rdxd6 32. c3 Re2 33. Rg2 Rc6 34. h6 Re7 35. Rg7+ Ke8 36. Rhg1 Rcc7 37. Kd2 Kf8 38. Rg8+ Kf7 39. R8g7+ Ke6 40. Rxe7+ Rxe7 41. c4 f5 42. Re1+ Kf6 43. Rxe7 Kxe7 44. Ke3 Ke6 45. Kf4 a5 46. b3 Kf6 47. d5 Ke7 48. Kxf5 Ke8 49. Kf6 1-0